Statystyki dla Finishery gwiazd WWE #1 (Łatwy)

Kliknij tutaj aby rozwiązać quiz!

Ogólne statystyki

  • Ten quiz został rozwiązany 350 razy
  • Średni wynik to 13 z 15

Statystyki odpowiedzi

FinisherOdpowiedź% Poprawnych
RKORandy Orton
100%
F-5Brock Lesnar
96%
619Rey Mysterio
96%
Curb stompSeth Rollins
95%
PedigreeTriple H
91%
Twisted BlissAlexa Bliss
89%
Trouble In ParadiseKofi Kingston
88%
Brouge KickSheamus
86%
Kinshasa KickShinsuke Nakamura
86%
Big EndingBig E
85%
Helluva KickSami Zayn
84%
Running KneeDaniel Bryan
74%
Dis Arm HerBecky Lynch
72%
Red ArrowNeville
62%
Hammerlock DDTAndrade
58%

Rozkład punktacji

Percentyl według liczby udzielonych odpowiedzi

Procent ludzi z każdym wynikiem

Twoja historia wyników

Nie rozwiązałeś tego quizu